000 nam a22 7a 4500
999 _c331224
_d331224
003 NUST
005 20170922111115.0
008 170922b xxu||||| |||| 00| 0 eng d
040 _cNUST
082 _aS3HT-329
100 _aIbrahim, Afshan, Shabbir,Ahmar, Taqdees,Aniqa, Sohail,Fatima Raza,Nabeel, Ali,Sajid, Khalid,Jawad & Umer,Zainab
_94818
245 _aHealth sector reforms: An empirical analysis of child and maternal health program
260 _aIslamabad
_c2017
300 _a143p,
942 _2ddc
_cTHE